00986nam a22002417a 45000010005000000030006000050050017000110080041000280200018000690400029000870500014001160820016001301000030001462450055001762600032002313000047002634900043003105050007003535200306003605210027006665210018006936500033007119269FISKH20251208160725.0251208b cb ||||| |||| 00| 0 eng d a9788956353937 aFISKHbengcFISKHdFISKH aPZ8.A54 P a 398.209489 aAndersen, Hans Christian  aThe princess and the pea cHans Christian Andersen aSeoul : bEfuture, c2009.  a26 pages : bcolor illustrations ; c21 cm aMy first classic readers : vLevel 3-7 aJ  aHans Christian Andersen's classic The Princess and the Pea is a timeless story beloved for its bold princess and a little pea that ends up causing a big problem. Featuring beautiful illustrations filled with a bright array of colors, this charming Little Golden Book makes for a perfect bedtime read. 8 a430 bLexile estimate 8 aJ bRaz-Plus  aPrincessvLittle Golden Book